[Event "September TNT"]
[Site "Winnipeg CAN"]
[Date "2006.09.19"]
[Round "3"]
[White "Essery, Richard"]
[Black "Clark, Jeff"]
[Result "0-1"]
[WhiteElo "1544"]
[BlackElo "1790"]
[PlyCount "104"]
[EventDate "2006.09.26"]
[EventType "swiss"]
[EventRounds "4"]
[EventCountry "CAN"]

1. d4 Nf6 2. Nf3 e6 3. Bf4 c5 4. e3 Nc6 5. c3 Be7 6. Bd3 d5 7. h3 O-O 8. Nbd2
b6 9. O-O Bb7 10. Re1 Nh5 11. Bh2 f5 12. Ne5 Nf6 13. Ndf3 Ne4 14. Bb5 Nxe5 15.
Nxe5 Rf6 16. Bf4 g5 17. Bh2 Nd6 18. Bd3 Qe8 19. g4 Rh6 20. Kg2 Ne4 21. gxf5
exf5 22. Bxe4 dxe4 23. Rh1 Rd8 24. Qf1 Qh5 25. Kg1 Qxh3 26. Qxh3 Rxh3 27. Kg2
Rh6 28. Rhd1 Rhd6 29. Rd2 cxd4 30. cxd4 Rc8 31. b3 Rdd8 32. a3 Rc3 33. b4 Bf6
34. Rad1 Bd5 35. Ra1 a6 36. b5 a5 37. a4 h5 38. Kf1 Kg7 39. Rb1 g4 40. Rbb2
Bxe5 41. Bxe5+ Kg6 42. Ke2 h4 43. Rb1 Rdc8 44. Ra1 h3 45. Kd1 Bb3+ 46. Ke2 Bd5
47. Kd1 Kf7 48. Ke2 Ke6 49. Kd1 Bb3+ 50. Ke2 Kd5 51. Rb2 R8c4 52. Rd2 Bxa4 0-1

[Event "September TNT"]
[Site "Winnipeg CAN"]
[Date "2006.09.19"]
[Round "3"]
[White "Greenberg, Harley"]
[Black "Mundwiler, Les"]
[Result "1/2-1/2"]
[WhiteElo "1751"]
[BlackElo "2028"]
[PlyCount "64"]
[EventDate "2006.09.26"]
[EventType "swiss"]
[EventRounds "4"]
[EventCountry "CAN"]

1. e4 e5 2. Nf3 Nc6 3. Bb5 a6 4. Ba4 Nf6 5. O-O Be7 6. Re1 b5 7. Bb3 O-O 8. c3
d6 9. h3 Na5 10. Bc2 c5 11. d4 Qc7 12. Nbd2 Nc6 13. Nf1 Ne8 14. Ne3 g6 15. Nd5
Qd8 16. a4 Bb7 17. Be3 Ng7 18. axb5 axb5 19. Qe2 Rxa1 20. Rxa1 c4 21. b3 f5 22.
dxe5 fxe4 23. Bxe4 dxe5 24. bxc4 b4 25. Nxe7+ Qxe7 26. cxb4 Qxb4 27. Rb1 Qe7
28. Qb2 Ba8 29. Bxc6 Bxc6 30. Nxe5 Be4 31. Rd1 Nf5 32. Bf4 Bxg2 1/2-1/2

[Event "September TNT"]
[Site "Winnipeg CAN"]
[Date "2006.09.19"]
[Round "3"]
[White "Kwiatek, Jordan"]
[Black "Wood, Nathan"]
[Result "1/2-1/2"]
[WhiteElo "1811"]
[BlackElo "1579"]
[PlyCount "61"]
[EventDate "2006.09.26"]
[EventType "swiss"]
[EventRounds "4"]
[EventCountry "CAN"]

1. e4 c5 2. Nf3 d6 3. d4 cxd4 4. Nxd4 Nf6 5. Nc3 a6 6. Be3 Qc7 7. f3 e6 8. Qd2
Be7 9. O-O-O O-O 10. g4 b5 11. g5 Nfd7 12. Nf5 exf5 13. Nd5 Qd8 14. exf5 Re8
15. f6 Bf8 16. fxg7 Bxg7 17. Nf6+ Nxf6 18. gxf6 Qxf6 19. Bd4 Qxd4 20. Qxd4 Bxd4
21. Rxd4 Bf5 22. h4 Nc6 23. Rxd6 Nb4 24. Rg1+ Kh8 25. Rf6 Bxc2 26. a3 Rec8 27.
Kd2 Rd8+ 28. Kc3 Rac8+ 29. Kxb4 Rd4+ 30. Ka5 Ra4+ 31. Kb6 1/2-1/2

[Event "September TNT"]
[Site "Winnipeg CAN"]
[Date "2006.09.19"]
[Round "3"]
[White "Nguyen, Huy"]
[Black "Czypinski, Jaroslaw"]
[Result "0-1"]
[WhiteElo "1759"]
[BlackElo "1898"]
[PlyCount "67"]
[EventDate "2006.09.26"]
[EventType "swiss"]
[EventRounds "4"]
[EventCountry "CAN"]

1. Nf3 Nf6 2. d4 e6 3. g3 d5 4. Bg2 c5 5. e3 Nc6 6. c3 cxd4 7. exd4 Bd6 8. a4
O-O 9. O-O Na5 10. Nbd2 Qc7 11. Re1 Bd7 12. Bf1 a6 13. Ne5 Nc6 14. f4 Be7 15.
Bd3 b5 16. Nxd7 Qxd7 17. axb5 axb5 18. Rxa8 Rxa8 19. Bxb5 Qb7 20. Bd3 Na5 21.
f5 exf5 22. Bxf5 Bd6 23. b4 Nc6 24. Nf3 Qc7 25. Kg2 Ne7 26. Bb1 Qxc3 27. Bd2
Qb2 28. Re3 Ra3 29. Rxa3 Qxa3 30. Qe1 Qb2 31. Kh3 Nc6 32. Bc3 Qb3 33. Ng5 Ne7
34. Qd2 0-1

[Event "September TNT"]
[Site "Winnipeg CAN"]
[Date "2006.09.19"]
[Round "3"]
[White "Oberton, Daniel"]
[Black "Adol, Deng"]
[Result "1-0"]
[WhiteElo "1816"]
[BlackElo "1785"]
[PlyCount "121"]
[EventDate "2006.09.26"]
[EventType "swiss"]
[EventRounds "4"]
[EventCountry "CAN"]

1. e4 e5 2. f4 exf4 3. Nf3 h6 4. Bc4 Qf6 5. d4 Nc6 6. O-O g5 7. e5 Qg6 8. Nc3
b6 9. Nb5 Kd8 10. d5 Bc5+ 11. Kh1 Na5 12. Bd3 Qh5 13. Qe1 Nb7 14. b4 Be7 15.
Bb2 g4 16. Ng1 g3 17. h3 a6 18. Nxc7 Ra7 19. d6 Bg5 20. e6 Nxd6 21. Bxh8 Rxc7
22. Be5 Rc6 23. exd7 Bxd7 24. Bxf4 Bxf4 25. Rxf4 Ne7 26. Qxg3 b5 27. Qh4 Qe5
28. Re1 Qg5 29. Qxg5 hxg5 30. Rf2 Rc3 31. Nf3 f6 32. Nd4 Nd5 33. Rb1 Ke7 34.
Bf5 Nxf5 35. Nxf5+ Kf8 36. Nd6 Nf4 37. Ne4 Re3 38. Nxf6 Bc6 39. Nh7+ Kg7 40.
Nxg5 Ne2 41. Rd1 Nc3 42. Rd6 Bd5 43. Rxa6 Rg3 44. Ra3 Kh6 45. Nf3 Nxa2 46. Kh2
Rg7 47. Nh4 Kh7 48. Nf5 Rc7 49. Nd6 Nxb4 50. Nxb5 Rc5 51. Nd4 Rc4 52. c3 Nd3
53. Rf6 Rc7 54. Nb5 Rg7 55. Ra7 Bb7 56. g4 Nc5 57. Nd6 Rd7 58. Nxb7 Rd2+ 59.
Kg1 Rd7 60. Rc6 Nxb7 61. Rb6 1-0

[Event "September TNT"]
[Site "Winnipeg CAN"]
[Date "2006.09.19"]
[Round "3"]
[White "Pottinger, Carl"]
[Black "Van Wyk, Joseph"]
[Result "1/2-1/2"]
[WhiteElo "1721"]
[BlackElo "1813"]
[PlyCount "41"]
[EventDate "2006.09.26"]
[EventType "swiss"]
[EventRounds "4"]
[EventCountry "CAN"]

1. c4 e6 2. g3 c5 3. Bg2 d5 4. cxd5 exd5 5. d4 Nf6 6. Nf3 Nc6 7. O-O Be7 8.
dxc5 Bxc5 9. a3 O-O 10. b4 Bb6 11. Nc3 Be6 12. Na4 Ne4 13. Nxb6 Qxb6 14. Bb2 a5
15. Bd4 Qb5 16. bxa5 Qxa5 17. Qd3 Nd6 18. Bc3 Qa4 19. Nd4 Ne5 20. Qd2 Ndc4 21.
Qg5 1/2-1/2

[Event "September TNT"]
[Site "Winnipeg CAN"]
[Date "2006.09.19"]
[Round "3"]
[White "Prince, Colin"]
[Black "Reimer, Bruce"]
[Result "1-0"]
[WhiteElo "1822"]
[BlackElo "1499"]
[PlyCount "51"]
[EventDate "2006.09.26"]
[EventType "swiss"]
[EventRounds "4"]
[EventCountry "CAN"]

1. e4 Nf6 2. e5 Nd5 3. d4 d6 4. Nf3 Bg4 5. c4 Nb6 6. h3 Bh5 7. e6 fxe6 8. Be2
Bxf3 9. Bxf3 Nc6 10. Nc3 g6 11. Bg4 e5 12. Be3 Nxc4 13. d5 Nxe3 14. fxe3 Nb8
15. O-O Bh6 16. Qe2 a6 17. Be6 Rf8 18. Rxf8+ Kxf8 19. Rf1+ Kg7 20. Rf7+ Kh8 21.
Qg4 Bg7 22. Ne4 Bf6 23. Ng5 Bxg5 24. Qxg5 Nd7 25. Rxe7 Nf8 26. Qf6# 1-0

[Event "September TNT"]
[Site "Winnipeg CAN"]
[Date "2006.09.19"]
[Round "3"]
[White "Repa, Jason"]
[Black "Green, Jim"]
[Result "1/2-1/2"]
[WhiteElo "1960"]
[BlackElo "1683"]
[PlyCount "70"]
[EventDate "2006.09.26"]
[EventType "swiss"]
[EventRounds "4"]
[EventCountry "CAN"]

1. b3 d5 2. Bb2 c6 3. f4 Bg4 4. Nf3 Nd7 5. e3 Ngf6 6. h3 Bxf3 7. Qxf3 e6 8. Be2
Bd6 9. O-O Qe7 10. c4 O-O-O 11. Nc3 Rhg8 12. e4 dxe4 13. Nxe4 Nxe4 14. Qxe4 h6
15. d4 g5 16. f5 Nf6 17. Qc2 g4 18. Qc3 exf5 19. Rxf5 gxh3 20. Qxh3 Rg3 21.
Re5+ Rxh3 22. Rxe7 Bxe7 23. gxh3 Rg8+ 24. Kf2 Ne4+ 25. Ke3 f5 26. Bf3 Bg5+ 27.
Ke2 Re8 28. Ba3 Nd2+ 29. Kf2 Bh4+ 30. Kg2 Re1 31. Bb2 Re3 32. Bh5 Rg3+ 33. Kh2
Nf3+ 34. Bxf3 Rxf3 35. Rg1 Bg5 1/2-1/2

[Event "September TNT"]
[Site "Winnipeg CAN"]
[Date "2006.09.19"]
[Round "3"]
[White "Silva, T Romeo"]
[Black "Booth, Kevin"]
[Result "1-0"]
[WhiteElo "1772"]
[BlackElo "1606"]
[PlyCount "33"]
[EventDate "2006.09.26"]
[EventType "swiss"]
[EventRounds "4"]
[EventCountry "CAN"]

1. e4 e5 2. Nf3 d6 3. d4 Nf6 4. Nc3 Bg4 5. dxe5 Bxf3 6. Qxf3 dxe5 7. Bg5 Be7 8.
Rd1 Nbd7 9. Bc4 O-O 10. O-O c6 11. Bxf6 Bxf6 12. Rd3 Qb6 13. Rxd7 Qxb2 14. Qh3
b6 15. Bb3 g6 16. Na4 Qa3 17. Rxf7 1-0

[Event "September TNT"]
[Site "Winnipeg CAN"]
[Date "2006.09.26"]
[Round "4"]
[White "Clark, Jeff"]
[Black "Green, Jim"]
[Result "1/2-1/2"]
[WhiteElo "1790"]
[BlackElo "1683"]
[PlyCount "84"]
[EventDate "2006.09.26"]
[EventType "swiss"]
[EventRounds "4"]
[EventCountry "CAN"]

1. Nf3 d5 2. d4 Nf6 3. c4 c6 4. e3 a6 5. Nc3 e6 6. a3 Nbd7 7. Bd3 dxc4 8. Bxc4
b5 9. Bd3 c5 10. O-O Bb7 11. Re1 Be7 12. b3 Rc8 13. Bb2 O-O 14. Rc1 cxd4 15.
exd4 b4 16. axb4 Bxb4 17. Re2 Nb6 18. Ne5 Bxc3 19. Bxc3 Nbd5 20. Bd2 Rxc1 21.
Qxc1 Qb6 22. Qb2 Nb4 23. Bb1 Qb5 24. Nc4 Qd5 25. Ne3 Qb5 26. Nc4 Qd5 27. f3 Nc6
28. Be3 Rd8 29. Rd2 Qb5 30. Bd3 Qb4 31. Bf1 h6 32. Bf2 Nd5 33. Rc2 Qe7 34. Nd2
Ncb4 35. Rc5 Rc8 36. Ne4 Rxc5 37. dxc5 Nc6 38. Nd6 Ndb4 39. Be1 a5 40. Bc3 f6
41. f4 Ba6 42. Bxb4 Nxb4 1/2-1/2

[Event "September TNT"]
[Site "Winnipeg CAN"]
[Date "2006.09.26"]
[Round "4"]
[White "Cleto, Sam"]
[Black "Greenberg, Harley"]
[Result "1/2-1/2"]
[WhiteElo "1802"]
[BlackElo "1768"]
[PlyCount "74"]
[EventDate "2006.09.26"]
[EventType "swiss"]
[EventRounds "4"]
[EventCountry "CAN"]

1. Nf3 Nf6 2. c4 g6 3. d4 Bg7 4. h3 O-O 5. Nc3 d6 6. e4 c5 7. dxc5 dxc5 8. Bd3
Nc6 9. Be3 Qb6 10. O-O Nd4 11. Rb1 Rd8 12. Bxd4 cxd4 13. Nd5 Nxd5 14. exd5 e6
15. dxe6 Bxe6 16. b3 Re8 17. Re1 Qc6 18. a4 a5 19. Rb2 Bd7 20. Rbe2 Rxe2 21.
Rxe2 Re8 22. Rxe8+ Bxe8 23. Qe2 Qe6 24. Qxe6 fxe6 25. Ng5 e5 26. f3 h6 27. Ne6
Kf7 28. Nxg7 Kxg7 29. Be4 Bc6 30. Bd3 Kf6 31. Kf2 g5 32. Ke2 Ke6 33. Bh7 Kd6
34. Kd3 Kc5 35. Bf5 Kb4 36. Kc2 Be8 37. Be4 Bc6 1/2-1/2

[Event "September TNT"]
[Site "Winnipeg CAN"]
[Date "2006.09.26"]
[Round "4"]
[White "Czypinski, Jaroslaw"]
[Black "Adol, Deng"]
[Result "0-1"]
[WhiteElo "1898"]
[BlackElo "1785"]
[PlyCount "100"]
[EventDate "2006.09.26"]
[EventType "swiss"]
[EventRounds "4"]
[EventCountry "CAN"]

1. e4 e5 2. Nf3 d6 3. d4 exd4 4. Nxd4 Bd7 5. Bc4 Nf6 6. O-O Be7 7. Nc3 O-O 8.
b3 Nc6 9. Bb2 a6 10. Nxc6 Bxc6 11. Re1 b5 12. Bd3 Nd7 13. Nd5 Bxd5 14. exd5 Bf6
15. Bxf6 Qxf6 16. Qd2 Rae8 17. Rad1 Ne5 18. Be2 Qd8 19. Rc1 Qa8 20. f4 Ng6 21.
Bf3 h6 22. g3 Re7 23. Rxe7 Nxe7 24. Re1 Nf5 25. Be4 Ne7 26. Bh7+ Kxh7 27. Rxe7
Qa7+ 28. Qf2 Qb8 29. Qd4 Kg8 30. Qe3 Qb7 31. Qd4 Qc8 32. Qc3 Qf5 33. Qc6 Qf6
34. Re1 Qb2 35. Qxc7 Qd4+ 36. Kf1 Qxd5 37. Qb6 Rc8 38. Re2 Qd1+ 39. Kf2 Rxc2
40. Rxc2 Qxc2+ 41. Kf3 Qxa2 42. Qe3 Qxh2 43. Qe8+ Kh7 44. Qxf7 Qc2 45. f5 Qc3+
46. Kg2 Qf6 47. Qd5 b4 48. Kh2 h5 49. Kg2 a5 50. Qxa5 Qb2+ 0-1

[Event "September TNT"]
[Site "Winnipeg CAN"]
[Date "2006.09.26"]
[Round "4"]
[White "Green, Aaron"]
[Black "Booth, Kevin"]
[Result "1/2-1/2"]
[WhiteElo "1350"]
[BlackElo "1606"]
[PlyCount "114"]
[EventDate "2006.09.26"]
[EventType "swiss"]
[EventRounds "4"]
[EventCountry "CAN"]

1. e4 e5 2. Nf3 d6 3. d4 exd4 4. Nxd4 Nf6 5. Nc3 Be7 6. Be3 O-O 7. f3 Be6 8.
Qd2 Nc6 9. Nxe6 fxe6 10. Be2 e5 11. O-O-O a6 12. h4 b5 13. g4 Nd7 14. Qd5+ Kh8
15. Qxc6 Nf6 16. Nd5 Nxd5 17. Qxd5 b4 18. Qd2 a5 19. Bg5 Bxg5 20. Qxg5 Qb8 21.
Qe3 a4 22. g5 b3 23. cxb3 axb3 24. Qxb3 Qa7 25. a3 Rfb8 26. Qa2 Qc5+ 27. Qc4
Qb6 28. Qb4 Qe3+ 29. Qd2 Qb6 30. Qc3 Ra5 31. Rd5 Raa8 32. Rb5 Qa7 33. Rxb8+
Rxb8 34. Rd1 Rf8 35. Rd5 Qf2 36. Kd2 Qxh4 37. Qxc7 Qxg5+ 38. Kd3 Qg1 39. Rxd6
h5 40. Rd8 Rxd8+ 41. Qxd8+ Kh7 42. Qh4 Qb1+ 43. Ke3 Qg1+ 44. Qf2 Qc1+ 45. Kd3
Qxb2 46. Qc5 Qb3+ 47. Qc3 Qb5+ 48. Kd2 Qd7+ 49. Bd3 Qd6 50. f4 h4 51. fxe5 Qe6
52. Bf1 Qa2+ 53. Ke3 Qb1 54. Bh3 Qg1+ 55. Ke2 Qh2+ 56. Kf1 Qh1+ 57. Ke2 Qxe4+
1/2-1/2

[Event "September TNT"]
[Site "Winnipeg CAN"]
[Date "2006.09.26"]
[Round "4"]
[White "Mundwiler, Les"]
[Black "Pottinger, Carl"]
[Result "1-0"]
[WhiteElo "2028"]
[BlackElo "1721"]
[PlyCount "63"]
[EventDate "2006.09.26"]
[EventType "swiss"]
[EventRounds "4"]
[EventCountry "CAN"]

1. d4 d5 2. Nf3 Bg4 3. e3 e6 4. Nbd2 Nf6 5. Bd3 Bd6 6. h3 Bxf3 7. Qxf3 Nbd7 8.
c3 c5 9. O-O c4 10. Bc2 b5 11. Re1 O-O 12. e4 dxe4 13. Nxe4 Nxe4 14. Qxe4 Nf6
15. Qh4 g6 16. Bg5 Be7 17. Be4 Rc8 18. Bf3 Nd5 19. Bxe7 Nxe7 20. Re5 Rb8 21.
Qf4 a6 22. Rd1 Qc7 23. Qe3 Qd8 24. d5 Nxd5 25. Bxd5 exd5 26. Rexd5 Qb6 27. Qg5
b4 28. Rd6 Qa7 29. Qf6 a5 30. Rd7 Rb7 31. Rd8 Rb8 32. R1d7 1-0

[Event "September TNT"]
[Site "Winnipeg CAN"]
[Date "2006.09.26"]
[Round "4"]
[White "Oberton, Daniel"]
[Black "Babb, Jeff"]
[Result "0-1"]
[WhiteElo "1816"]
[BlackElo "2131"]
[PlyCount "60"]
[EventDate "2006.09.26"]
[EventType "swiss"]
[EventRounds "4"]
[EventCountry "CAN"]

1. e4 d6 2. d4 Nf6 3. Nc3 g6 4. Be2 Bg7 5. g4 c5 6. Be3 cxd4 7. Bxd4 Nc6 8. Be3
h5 9. gxh5 Nxh5 10. Qd2 Nf6 11. Bf4 Qb6 12. Na4 Qb4 13. Qxb4 Nxb4 14. Bd3 Bd7
15. Nc3 Bc6 16. a3 Nxd3+ 17. cxd3 d5 18. f3 dxe4 19. fxe4 Nh5 20. Nge2 O-O-O
21. O-O-O Nxf4 22. Nxf4 Bh6 23. Rhf1 e5 24. Nce2 exf4 25. Nxf4 Bg5 26. Kc2
Rxh2+ 27. Kc3 Bf6+ 28. d4 Bxe4 29. Ne6 Rh3+ 30. Kb4 Be7+ 0-1

[Event "September TNT"]
[Site "Winnipeg CAN"]
[Date "2006.09.26"]
[Round "4"]
[White "Reimer, Bruce"]
[Black "Silva, T Romeo"]
[Result "0-1"]
[WhiteElo "1499"]
[BlackElo "1772"]
[PlyCount "60"]
[EventDate "2006.09.26"]
[EventType "swiss"]
[EventRounds "4"]
[EventCountry "CAN"]

1. e4 e5 2. Nf3 Nf6 3. Nxe5 d6 4. Nf3 Nxe4 5. d3 Nf6 6. Qe2+ Be7 7. g3 Nc6 8.
Bg2 Bg4 9. Be3 Qd7 10. Nc3 a6 11. Qd2 O-O 12. h3 Be6 13. O-O-O b5 14. Nd4 d5
15. f4 Nxd4 16. Bxd4 b4 17. Ne2 c5 18. Be5 Rac8 19. g4 d4 20. b3 Bd5 21. Ng3
Bxg2 22. Qxg2 Nd5 23. Nf5 f6 24. Nxe7+ Nxe7 25. Bxf6 Rxf6 26. Rhe1 Nd5 27. Qg3
Re8 28. g5 Rf5 29. g6 h6 30. Qg4 Ne3 0-1

[Event "September TNT"]
[Site "Winnipeg CAN"]
[Date "2006.09.26"]
[Round "4"]
[White "Rutter, Blair"]
[Black "Prince, Colin"]
[Result "0-1"]
[WhiteElo "1803"]
[BlackElo "1822"]
[PlyCount "102"]
[EventDate "2006.09.26"]
[EventType "swiss"]
[EventRounds "4"]
[EventCountry "CAN"]

1. c4 e5 2. g3 Nf6 3. Bg2 Bc5 4. Nc3 c6 5. e3 d5 6. d4 exd4 7. exd4 Bb6 8. cxd5
Nxd5 9. Nf3 Bg4 10. O-O O-O 11. a3 Nd7 12. Qd3 N7f6 13. Bd2 Qc8 14. Rac1 Bh3
15. Nxd5 Nxd5 16. Ng5 Bf5 17. Qb3 Qd7 18. Be3 Rae8 19. Rfe1 Ba5 20. Re2 Bg4 21.
Nf3 Qf5 22. Nh4 Qh5 23. f3 Bc8 24. Qd3 g5 25. Nf5 Bxf5 26. Qxf5 Rxe3 27. Rxe3
Nxe3 28. Qxa5 f5 29. Qd2 f4 30. g4 Qg6 31. Bf1 Rd8 32. Qb4 Qg7 33. Qa5 Rxd4 34.
Qxa7 Rd8 35. Qb6 Qd4 36. Qxd4 Rxd4 37. h3 Rd2 38. b3 Nc2 39. a4 Nd4 40. Bc4+
Kg7 41. Rc3 b5 42. axb5 cxb5 43. Bf1 b4 44. Rc7+ Kg6 45. Bc4 Nxf3+ 46. Kf1 Ne5
47. Bg8 h6 48. Rb7 f3 49. Rxb4 Rd1+ 50. Kf2 Nd3+ 51. Kxf3 Nxb4 0-1

[Event "September TNT"]
[Site "Winnipeg CAN"]
[Date "2006.09.26"]
[Round "4"]
[White "Trueman, Francis"]
[Black "Essery, Richard"]
[Result "0-1"]
[WhiteElo "1447"]
[BlackElo "1544"]
[PlyCount "72"]
[EventDate "2006.09.26"]
[EventType "swiss"]
[EventRounds "4"]
[EventCountry "CAN"]

1. Nf3 d5 2. d3 c5 3. c3 Nf6 4. g3 e5 5. Bg2 Bg4 6. O-O Nc6 7. Qc2 Be7 8. Nbd2
O-O 9. e4 Qd7 10. exd5 Nxd5 11. Nc4 f6 12. Re1 Be6 13. Qe2 Nc7 14. Be3 Rfe8 15.
Rad1 Bf8 16. d4 Qf7 17. dxe5 Bxc4 18. Qc2 fxe5 19. Ng5 Qg6 20. Be4 Qh5 21.
Bxh7+ Kh8 22. Bg6 Bd3 23. Qxd3 e4 24. Bxe4 Rad8 25. Qc4 Ne5 26. Nf7+ Nxf7 27.
Rxd8 Rxd8 28. Bxb7 Ne5 29. Qe2 Ng4 30. Kg2 Qxh2+ 31. Kf3 Ne5+ 32. Ke4 Qh7+ 33.
Kf4 g5+ 34. Kxg5 Bh6+ 35. Kf6 Bg7+ 36. Kg5 Ne6# 0-1

[Event "September TNT"]
[Site "Winnipeg CAN"]
[Date "2006.09.26"]
[Round "4"]
[White "Van Wyk, Joseph"]
[Black "Kwiatek, Jordan"]
[Result "1-0"]
[WhiteElo "1813"]
[BlackElo "1811"]
[PlyCount "43"]
[EventDate "2006.09.26"]
[EventType "swiss"]
[EventRounds "4"]
[EventCountry "CAN"]

1. e4 d6 2. d4 Nf6 3. Nc3 Nbd7 4. Nf3 e5 5. Bc4 Be7 6. Bxf7+ Kxf7 7. Ng5+ Kg8
8. Ne6 Qe8 9. Nxc7 Qg6 10. O-O exd4 11. Qxd4 Ne5 12. f4 Bh3 13. Qf2 d5 14. Qg3
Bc5+ 15. Kh1 Bg4 16. fxe5 Nh5 17. Qd3 Rd8 18. N3xd5 Bc8 19. Nf6+ gxf6 20. Qxd8+
Kf7 21. Qd5+ Kf8 22. Qxc5+ 1-0

[Event "September TNT"]
[Site "Winnipeg CAN"]
[Date "2006.09.26"]
[Round "4"]
[White "Wood, Nathan"]
[Black "Nguyen, Huy"]
[Result "1-0"]
[WhiteElo "1579"]
[BlackElo "1759"]
[PlyCount "63"]
[EventDate "2006.09.26"]
[EventType "swiss"]
[EventRounds "4"]
[EventCountry "CAN"]

1. e4 c6 2. d4 d5 3. exd5 cxd5 4. c4 Nf6 5. Nf3 Nc6 6. Nc3 Bg4 7. Be3 e6 8. Be2
Be7 9. O-O Rc8 10. cxd5 Nxd5 11. h3 Bh5 12. a3 O-O 13. Ne4 Nxe3 14. fxe3 f5 15.
Ng3 Bg6 16. Qb3 Qd7 17. Bb5 Qd5 18. Bc4 Qd6 19. Bxe6+ Kh8 20. Bxc8 Qxg3 21.
Bxb7 Na5 22. Qd5 Nxb7 23. Qxb7 Bd6 24. Rac1 f4 25. e4 Re8 26. Rc8 h6 27. Rxe8+
Bxe8 28. Qc8 Qg6 29. e5 Be7 30. d5 Bc5+ 31. Kh1 Kh7 32. Qxc5 1-0

[Event "Snow Flurries and Pawn Storms op"]
[Site "Winnipeg CAN"]
[Date "2006.11.24"]
[Round "1"]
[White "Gentes, Kevin"]
[Black "Gannon, Keith"]
[Result "1-0"]
[WhiteElo "2265"]
[BlackElo "1545"]
[PlyCount "63"]
[EventDate "2006.11.24"]
[EventType "swiss"]
[EventRounds "4"]
[EventCountry "CAN"]

1. c4 e5 2. Nc3 b6 3. Nf3 d6 4. d4 exd4 5. Nxd4 Be7 6. e4 Nf6 7. Be2 O-O 8. O-O
Bb7 9. f3 Nbd7 10. Nf5 Re8 11. Bg5 Qc8 12. Qe1 Bf8 13. Qh4 a5 14. Rae1 c5 15.
Qg3 Qb8 16. Nh6+ Kh8 17. Nxf7+ Kg8 18. Nh6+ Kh8 19. Nf5 Nh5 20. Qh3 g6 21. f4
Bxe4 22. Nxe4 Rxe4 23. Bxh5 gxf5 24. Rxe4 fxe4 25. Bg6 h6 26. Qxd7 Ra7 27. Bf6+
Bg7 28. Bxg7+ Kg8 29. Qe6+ Kxg7 30. Bxe4 Qc7 31. Rf3 Qe7 32. Rg3+ 1-0

[Event "Snow Flurries and Pawn Storms op"]
[Site "Winnipeg CAN"]
[Date "2006.11.24"]
[Round "1"]
[White "Gibbons, Lorne"]
[Black "Oberton, Daniel"]
[Result "0-1"]
[WhiteElo "1275"]
[BlackElo "1878"]
[PlyCount "40"]
[EventDate "2006.11.24"]
[EventType "swiss"]
[EventRounds "4"]
[EventCountry "CAN"]

1. d4 Nf6 2. c4 g6 3. Nc3 Bg7 4. f4 O-O 5. e4 d6 6. Nf3 c5 7. d5 e6 8. Be3 exd5
9. cxd5 Re8 10. Bd3 Ng4 11. Qe2 Nxe3 12. Qxe3 b6 13. h3 Ba6 14. Kd2 Bxd3 15.
Qxd3 Nd7 16. Rae1 a6 17. a4 Qc7 18. b3 b5 19. axb5 Bxc3+ 20. Kxc3 Qa5+ 0-1

[Event "Snow Flurries and Pawn Storms op"]
[Site "Winnipeg CAN"]
[Date "2006.11.24"]
[Round "1"]
[White "Kaptsan, Aron"]
[Black "Goodman, Clifford"]
[Result "1-0"]
[WhiteElo "1963"]
[BlackElo "1500"]
[PlyCount "57"]
[EventDate "2006.11.24"]
[EventType "swiss"]
[EventRounds "4"]
[EventCountry "CAN"]

1. d4 d5 2. c4 dxc4 3. e4 e6 4. Bxc4 c5 5. d5 a6 6. dxe6 Qxd1+ 7. Kxd1 Bxe6 8.
Bxe6 fxe6 9. Nf3 h6 10. Nc3 Nc6 11. Be3 O-O-O+ 12. Ke2 Nd4+ 13. Bxd4 cxd4 14.
Nd1 Nf6 15. Kd3 Kb8 16. Ne5 Rg8 17. f3 Bc5 18. Nf2 Nd7 19. Nxd7+ Rxd7 20. Rac1
Be7 21. Rc4 e5 22. Rhc1 Bg5 23. R1c2 Re8 24. Ke2 Be3 25. Nd3 Rdd8 26. Rc5 b6
27. Rxe5 Rxe5 28. Nxe5 Bf4 29. Nc6+ 1-0

[Event "Snow Flurries and Pawn Storms op"]
[Site "Winnipeg CAN"]
[Date "2006.11.24"]
[Round "1"]
[White "Wiebe, Daniel"]
[Black "Boron, Anthony"]
[Result "1/2-1/2"]
[WhiteElo "1526"]
[BlackElo "1928"]
[PlyCount "81"]
[EventDate "2006.11.24"]
[EventType "swiss"]
[EventRounds "4"]
[EventCountry "CAN"]

1. e4 c5 2. Nf3 e6 3. d4 cxd4 4. Nxd4 Nf6 5. Nc3 Nc6 6. Bg5 h6 7. Bh4 Be7 8.
Ndb5 O-O 9. Bg3 e5 10. f3 a6 11. Nd6 b5 12. Qd2 Qc7 13. O-O-O Rb8 14. f4 b4 15.
Nxc8 bxc3 16. Nxe7+ Nxe7 17. Qxc3 Qxc3 18. bxc3 Nxe4 19. Rxd7 Nf5 20. Bd3 Nfxg3
21. hxg3 Nxc3 22. Kd2 Nxa2 23. Bxa6 Nb4 24. Bd3 Nxd3 25. Kxd3 exf4 26. gxf4
Rfd8 27. Rxd8+ Rxd8+ 28. Ke3 Rc8 29. Rc1 Kf8 30. c4 Ke7 31. Kd4 Kd6 32. c5+ Kc6
33. Kc4 Re8 34. Rd1 Re2 35. Rd6+ Kc7 36. g3 Rc2+ 37. Kb4 Re2 38. Kc4 Re1 39.
Ra6 Rc1+ 40. Kd4 Rd1+ 41. Kc4 1/2-1/2

[Event "Snow Flurries and Pawn Storms op"]
[Site "Winnipeg CAN"]
[Date "2006.11.25"]
[Round "2"]
[White "Boron, Anthony"]
[Black "Gannon, Keith"]
[Result "1-0"]
[WhiteElo "1928"]
[BlackElo "1545"]
[PlyCount "103"]
[EventDate "2006.11.24"]
[EventType "swiss"]
[EventRounds "4"]
[EventCountry "CAN"]

1. e4 c5 2. Nc3 d6 3. f4 Nf6 4. Nf3 Bg4 5. h3 Bxf3 6. Qxf3 Nc6 7. Bb5 Rc8 8.
O-O Nd7 9. Bxc6 Rxc6 10. d3 e6 11. f5 Ne5 12. Qg3 exf5 13. Rxf5 h6 14. Be3 Ng6
15. Raf1 Ne5 16. d4 cxd4 17. Bxd4 f6 18. Bxe5 Qb6+ 19. Kh1 dxe5 20. Qg6+ Kd8
21. Rd1+ Rd6 22. Rxd6+ Qxd6 23. Rf1 Qe6 24. Rd1+ Kc8 25. Qg3 g5 26. Nd5 Bd6 27.
Qf2 b6 28. Qxf6 Qxf6 29. Nxf6 Kc7 30. Nd5+ Kc6 31. Rf1 Rh7 32. Kh2 h5 33. Rf6
g4 34. Ne3 Kc7 35. hxg4 hxg4+ 36. Kg3 Bc5 37. Nd5+ Kb7 38. b4 Bg1 39. Rg6 Rf7
40. Rf6 Rh7 41. Kxg4 Rg7+ 42. Kf3 Bh2 43. Rh6 Rf7+ 44. Nf6 Ka6 45. Rxh2 Rxf6+
46. Ke3 Rc6 47. Kd3 Rd6+ 48. Kc3 Rd4 49. Rh4 Kb5 50. a3 Rc4+ 51. Kb3 a5 52. a4+
1-0

[Event "Snow Flurries and Pawn Storms op"]
[Site "Winnipeg CAN"]
[Date "2006.11.25"]
[Round "2"]
[White "Oberton, Daniel"]
[Black "Gentes, Kevin"]
[Result "0-1"]
[WhiteElo "1878"]
[BlackElo "2265"]
[PlyCount "54"]
[EventDate "2006.11.24"]
[EventType "swiss"]
[EventRounds "4"]
[EventCountry "CAN"]

1. e4 e6 2. Nf3 c5 3. b4 cxb4 4. a3 d5 5. e5 bxa3 6. d4 Nc6 7. c3 Bd7 8. Bxa3
Bxa3 9. Nxa3 Nge7 10. Bd3 h6 11. Nb5 Nc8 12. O-O N6e7 13. Qc2 O-O 14. Rfb1 Bxb5
15. Rxb5 Qd7 16. g4 Ng6 17. Rb3 Nce7 18. g5 h5 19. Qd2 Nf5 20. Bxf5 exf5 21.
Qd3 f4 22. Kh1 b6 23. Re1 Qe6 24. Nd2 a5 25. c4 dxc4 26. Nxc4 b5 27. Rxb5 Qc6+
0-1

[Event "Snow Flurries and Pawn Storms op"]
[Site "Winnipeg CAN"]
[Date "2006.11.25"]
[Round "3"]
[White "Gannon, Keith"]
[Black "Reimer, Bruce"]
[Result "1-0"]
[WhiteElo "1545"]
[BlackElo "1531"]
[PlyCount "33"]
[EventDate "2006.11.24"]
[EventType "swiss"]
[EventRounds "4"]
[EventCountry "CAN"]

1. e4 Nf6 2. e5 Nd5 3. d4 d6 4. c4 Nb6 5. Nf3 Bg4 6. exd6 exd6 7. Nc3 Be7 8.
Bd3 Nc6 9. Be3 Bf6 10. Ne4 Bxd4 11. Bxd4 Nxd4 12. Ned2 Qe7+ 13. Kf1 O-O-O 14.
h3 Bxf3 15. Nxf3 Qf6 16. Nxd4 Qxd4 17. Bf5+ 1-0